000 00512nam a2200217Ia 4500
003 OSt
005 20220918231734.0
006 a|||||r|||| 00| 0
007 ta
008 220917b |||||||| |||| 00| 0 eng d
024 _a349,253
037 _cTextual
040 _aARTS
_cARTS
_beng
041 _2eng
_aeng
082 _aU6428:1.N5, K3;L8
245 0 _aWorld resources
260 _c1969
650 _aGEOGRAPHY
942 _hU6428:1.N5, K3;L8
_cTEXL
_2CC
999 _c292206
_d292206